Ježko Sonic = Sonic the Hedgehog. Tangle & Whisper /
Další komiksová dobrodružství ježka Sonica známého z videoher a animovaných seriálů.
Uloženo v:
| Hlavní autor: | |
|---|---|
| Další autoři: | , |
| Médium: | E-kniha |
| Jazyk: | Slovak |
| Vydáno: |
V Prahe :
Alicanto,
2024
|
| Vydání: | Prvé vydanie |
| Témata: | |
| Tagy: |
Žádné tagy |
| LEADER | 02568nam a2200541 i 4500 | ||
|---|---|---|---|
| 001 | 312593 | ||
| 003 | CZ PrSKC | ||
| 005 | 20260601215725.0 | ||
| 007 | ta | ||
| 008 | 241128s2024 xr a b 6 000 1 slo | ||
| 015 | |a cnb003645111 | ||
| 020 | |a 9788025258705 |q (brožováno) | ||
| 035 | |a (OCoLC)1498301163 | ||
| 040 | |a ABG001 |b cze |d ABA001 |e rda | ||
| 041 | 1 | |a slo |h eng | |
| 072 | 7 | |a 741.52 |x Komiksy. Komiksové adaptace |2 Konspekt | |
| 072 | 7 | |a 821-93 |x Literatura pro děti a mládež (beletrie) |2 Konspekt | |
| 080 | |a 741.52(0:82-321.3) |2 MRF | ||
| 080 | |a 821-93 |2 MRF | ||
| 100 | 1 | |a Flynn, Ian, |d 1982- |7 xx0263812 |4 aut | |
| 240 | 1 | 0 | |a Tangle & Whisper. |l Slovensky |
| 245 | 1 | 0 | |a Ježko Sonic = |b Sonic the Hedgehog. |p Tangle & Whisper / |c od autora Iana Flynna ; a výtvarníka Evana Stanleyho ; z anglického originálu ... do slovenčiny preložila Zuzana Močková Lorková |
| 246 | 1 | |i Název v tiráži: |a Ježko Sonic špeciál - Tangle & Whisper | |
| 246 | 3 | |a Tangle a Whisper | |
| 246 | 3 | 0 | |a Tangle & Whisper |
| 246 | 3 | 1 | |a Sonic the Hedgehog |
| 250 | |a Prvé vydanie | ||
| 264 | 1 | |a V Prahe : |b Alicanto, |c 2024 | |
| 300 | |a 128 nečíslovaných stran : |b barevné ilustrace ; |c 26 cm | ||
| 336 | |a text |b txt |2 rdacontent | ||
| 336 | |a statický obraz |b sti |2 rdacontent | ||
| 337 | |a bez média |b n |2 rdamedia | ||
| 338 | |a svazek |b nc |2 rdacarrier | ||
| 500 | |a Na titulní stránce uveden držitel práv: Sega | ||
| 520 | 2 | |a Další komiksová dobrodružství ježka Sonica známého z videoher a animovaných seriálů. |b Co zažil lemur Tangle ve svém městečku? Příběh, který vyprávěl Sonicovi a Tailsovi, najdete právě v tomto svazku spolu s pěti dalšími. Nakladatelská anotace. Kráceno. | |
| 521 | 8 | |a Pro děti od 8 let | |
| 655 | 7 | |a akční a dobrodružné komiksy |7 fd1057471 |2 czenas | |
| 655 | 7 | |a publikace pro děti |7 fd133156 |2 czenas | |
| 655 | 9 | |a action and adventure comics |2 eczenas | |
| 655 | 9 | |a children's literature |2 eczenas | |
| 700 | 1 | |a Stanley, Evan, |d 1992- |7 xx0307857 |4 ill | |
| 700 | 1 | |a Močková Lorková, Zuzana |7 ola20241219110 |4 trl | |
| 900 | |a ABA001 |b 20 | ||
| 928 | 9 | |a Albatros Media - Alicanto | |
| 044 | |a xr | ||
| 910 | |a RBIT002 | ||
| 998 | |d 416448 |a https://core.palmknihy.cz/api/books/416448/cover?so1swj |b https://core.palmknihy.cz/api/books/416448/cover/400?so1swj |c https://core.palmknihy.cz/api/books/416448/cover/50?so1swj |e 2027-06-30 |g 128 |i 9788025258705 |k https://core.palmknihy.cz/api/books/416448/preview.pdf |l |q 49 |r 1 |s https://www.palmknihy.cz/kniha/416448 |t ebook |y 2024 |z 0 | ||
| 999 | |d 312591 | ||